LEADER 00658naa a2200157 i 4500 001 000000298127 003 CaOOAMICUS 005 20180831172618.0 008 180831n xx u000 u und u 013 $a5729 040 $aSeMil$bita 100 1 $aSerra, Angelo .$0(OLS)http://semarc/name/90601 245 13$aLa nuova genetica :$bservizio o minaccia per l'uomo? 650 4$aGenetica.$0(OLS)http://semarc/subject/5933 773 0 $aCesari, Giuseppe$tInterrogativi per la bioetica.$dBrescia : La Scuola, 1998.$kEducazione e società$z88-350-9489-5$w()64703 996 $6245$aLa nuova genetica :$bservizio o minaccia per l'uomo?$9(OLS)http://semarc/title/374148 LEADER 01300nam a2200289 i 4500 001 000000204549 003 CaOOAMICUS 005 20230619145020.0 008 110729s1742 it u000 u ita u 013 $a183276 026 $an-mi X.TA 5.e. (aNo (3) 1742 (R) 040 $aSeMil$bita 100 1 $aZeno, Apostolo,$d<1668-1750>.$0(OLS)http://semarc/name/4835 245 10$aPoesie sacre drammatiche di Apostolo Zeno istorico e poeta cesareo, cantate nella Imperial Cappella di Vienna. 250 $aAggiuntovi, in questa nuova edizione, l'Ezechia. 260 $aIn Venezia :$bPresso Giuseppe Bettinelli,$c1742. 300 $a[14], 7-340 [i.e.440] p. ;$c8°. 500 $aVignetta calcogr. sul front. 500 $aLa p. 440 erroneamente num. 340 500 $aCors. ; rom. 500 $aSegn.: pg2 a4 A8-A1,2 B-2D8 2E4 700 1 $aBettinelli, Giuseppe,$c.$0(OLS)http://semarc/name/7101 850 $aSeMil 852 $aSeMil$W1$xVenegono$y1$m1H VI 13 FA$j155043$B155043$CSeMilBibl$Z2$F165947 $8I 996 $6245$aPoesie sacre drammatiche di Apostolo Zeno istorico e poeta cesareo, cantate nella Imperial Cappella di Vienna$9(OLS)http://semarc/title/296366 996 $6260$aIn Venezia :$bPresso Giuseppe Bettinelli$9(OLS)http://semarc/publisher/53760